| 000 | 00537nam a2200181 4500 | ||
|---|---|---|---|
| 001 | 124220 | ||
| 003 | ES-MaACL | ||
| 005 | 20230906192340.0 | ||
| 007 | t| | ||
| 008 | 070214s1972 sp r ||||1| spa d | ||
| 100 | 1 |
_aRas, Silvia. _995478 |
|
| 245 | 1 | 0 |
_aGrafología, morfología / _cSilvia Ras, Angelina Ladrón de Guevara. |
| 260 |
_aMadrid : _bParaninfo, _c1972. |
||
| 300 |
_a173 p. : _bil. ; _c22 cm. |
||
| 650 |
_aGrafología. _913152 |
||
| 700 | 1 |
_aLadrón de Guevara, Angelina. _969443 |
|
| 852 |
_aES-MaACL _jC-45674 _bR.80279 |
||
| 999 |
_c124220 _d124220 |
||